A tartaruga e a boneca (Record no. 17284)

MARC details
000 -LÍDER
campo de controle de tamanho fixo 00471 a2200193 4500
001 - NÚMERO DE CONTROLE
campo de controle 17284
020 ## - ISBN - INTERNATIONAL STANDARD BOOK NUMBER
ISBN - International Standard Book Number 9788575263426
041 ## - CÓDIGO DE IDIOMA
Código do idioma do texto/trilha sonora ou título diferente por
082 ## - CDD - CLASSIFICAÇÃO DECIMAL DE DEWEY
Número de Classificação P Year 1 [E]
040 ## - FONTE DA CATALOGAÇÃO
Instituição da catalogação original BR-BrIDEA
Instituição que transcreveu o registro BR-BrIDEA
090 ## - NÚMERO DE CHAMADA LOCAL
Número de chamada (OCLC) (R); Número de chamada, CALL (RLIN) (NR) P Year 2 028
Número Cutter local (OCLC); Número de classificação do livro, CALL (RLIN) LEI
100 ## - ENTRADA PRINCIPAL--NOME PESSOAL
Nome pessoal Leite, Márcia.
245 10 - TÍTULO
Título A tartaruga e a boneca
Indicação de responsabilidade, etc. Márcia Leite
260 ## - PUBLICAÇÃO, DISTRIBUIÇÃO, ETC.
Local de publicação, distribuição, etc. [s.l.]
Nome do editor, distribuidor, etc. Autêntica
Data da publicação, distribuição, etc. 2008
300 ## - DESCRIÇÃO FÍSICA
Extensão 32 p.
697 ## - ENTRADA DE ASSUNTO LOCAL--ENTIDADE COLETIVA (RLIN)
Nome corporativo ou nome da jurisdição Literatura infantojuvenil.
856 ## - LOCALIZAÇÃO ELETRÔNICA E ACESSO
Uniform Resource Identifier <a href="000001/000001e0.jpg">000001/000001e0.jpg</a>
942 ## - ELEMENTOS DE ENTRADA ADICIONADOS (KOHA)
Tipo de material Koha Livros
Holdings
Situação do descarte Situação das perdas Situação física Não pode ser emprestado Biblioteca de origem Biblioteca atual Data de aquisição Total de empréstimos Número de chamada completo Código de barras Data de último acesso Data do preço efetivo Tipo de material Koha Fonte da classificação ou esquema de arquivamento na estante Data do último empréstimo
        Canadian School of Niterói - Piratininga Canadian School of Niterói - Piratininga 09/02/2024   LEI - T1 A06451 09/02/2024 09/02/2024 Livros    
        Canadian School of Niterói - Piratininga Canadian School of Niterói - Piratininga 09/02/2024   LEI - T1 A07094 09/02/2024 09/02/2024 Livros    
        Colégio Anchieta - Bela Vista Colégio Anchieta - Bela Vista 21/11/2023   028.5 L533t LEI TAR 2975/BEL 21/11/2023 21/11/2023 Livros    
        Colégio São Paulo Colégio São Paulo 21/11/2023   028.5 LEI TAR 3318/ITA 21/11/2023 21/11/2023 Livros    
        ECB - SUDOESTE ECB - SUDOESTE 29/05/2015 2 P Year 2 028 LEI 00015626SSW 28/06/2024 23/01/2024 Livros Classificação Decimal de Dewey 14/06/2024
        ECB - SUDOESTE ECB - SUDOESTE 10/01/2018   P Year 2 028 LEI 00032261SSW 23/01/2024 23/01/2024 Livros Classificação Decimal de Dewey  
        ECB - ÁGUAS CLARAS ECB - ÁGUAS CLARAS 20/12/2019   AP Year 2 028 LEI 00046811AGC 23/01/2024 23/01/2024 Livros Classificação Decimal de Dewey  
        ECB - ÁGUAS CLARAS ECB - ÁGUAS CLARAS 20/12/2019   AP Year 2 028 LEI 00046810AGC 23/01/2024 23/01/2024 Livros Classificação Decimal de Dewey  
        ECB - ÁGUAS CLARAS ECB - ÁGUAS CLARAS 20/12/2019   AP Year 2 028 LEI 00046807AGC 23/01/2024 23/01/2024 Livros Classificação Decimal de Dewey  
        ECB - ÁGUAS CLARAS ECB - ÁGUAS CLARAS 20/12/2019 1 AP Year 2 028 LEI 00046808AGC 26/06/2024 23/01/2024 Livros Classificação Decimal de Dewey 26/02/2024